000 00510 a2200169 4500
020 _a9781568814698
020 _a1568814690
040 _aDLC
_bDLC
100 1 _aShirley, P.
245 1 0 _aFundamentals of computer graphics
_cPeter Shirley, Steve Marschner, Michael Ashikhmin
250 _a3rd ed.
260 _aNatick, Mass. :
_bA K Peters,
_cc2009.
300 _axiii, 752 p. :
_bill. ;
_c25 cm.
650 0 _aComputer graphics.
700 1 _aMarschner, Stephen Robert,
_d1971-
942 _cBK
_k006.6 SHI
_2ddc
999 _c10448
_d10448